Evénements du 10 mars - Statistiques

Statistiques générales
  • Ce quiz a été pris 30 fois
  • Le résultat moyen est 8 sur 15
Statistiques - réponses
Hint Réponse % Correct
Ouverture du camp de concentration de Dachau 1933
96%
L'empereur Maximilien entre dans Carthage 296
96%
Création du Tribunal révolutionnaire en France 1793
87%
Naissance du chanteur Didier Barbelivien 1954
78%
Découverte de la Conjuration d'Amboise 1560
70%
Naissance du tsar de Russie Alexandre III 1845
57%
Mort du dessinateur Moebius 2012
57%
Début de l'engagement militaire américain au Viet Nam 1965
52%
Christian Ranucci est condamné à mort 1976
52%
Mort de Charles de Morny, demi-frère de Napoléon III 1865
43%
Catastrophe minière de Courrières 1100 morts 1906
39%
Naissance du chanteur Fred Mella 1924
39%
1er vol du Mirage 2000 1978
30%
Naissance du comique Gaston Ouvrard 1890
4%
1er décret réglementant la circulation automobile 1899
4%
Aucun quiz correspondant
Distribution des résultats
% des personnes avec chaque résultat
Percentile par nombre de réponses
Votre historique - résultats
Vous n’avez pas pris ce quiz